Introducción a la retórica clásica: una teoría de la argumentación práctica

Saved in:
Bibliografiske detaljer
Hovedforfatter: Covarrubias Correa, Andrés (Author)
Format: Bog
Sprog:spansk
Udgivet: Santiago Universidad Católica de Chile 2003
Udgivelse:1a. ed
Serier:Textos Universitarios
Fag:
Tags: Tilføj Tag
Ingen Tags, Vær først til at tagge denne postø!

MARC

LEADER 00000cam a2200000 a 4500
001 UCL1294
003 CL-VaPUC
008 030905e20030000CL |||||||||||||||||spa|d
020 |a 9561406837 
082 0 4 |a 808  |b COV  |2 21 
100 0 |a Covarrubias Correa, Andrés  |e author  |9 478219 
245 1 0 |a Introducción a la retórica clásica: una teoría de la argumentación práctica 
250 |a 1a. ed 
300 |a 131 p 
942 |c BK 
945 |d 20030905 00:00:00  |a cmena 
260 |a Santiago  |b Universidad Católica de Chile  |c 2003 
650 0 |a Retórica antigua  |9 265653 
650 0 |a Análisis del discurso  |9 256696 
583 |a last modification  |c 20150714 10:42:13  |k Rodrigo Vera 
490 0 |a Textos Universitarios 
999 |c 304936  |d 304934 
952 |0 0  |1 0  |4 0  |6 808_000000000000000_COV_2003  |7 0  |8 A  |9 367805  |a BIBHIS  |b BIBHIS  |d 2019-11-21  |i 3937429  |o 808 COV 2003  |p 3937429  |r 2025-01-20  |w 2019-11-21  |y BK  |k HIS 
952 |0 0  |1 0  |4 0  |6 808_000000000000000_COV_2003  |7 0  |8 A  |9 367806  |a BIBEDU  |b BIBEDU  |d 2019-11-21  |i 403287K  |o 808 COV 2003  |p 403287K  |r 2019-11-21  |w 2019-11-21  |y BK  |k FIL 
952 |0 0  |1 0  |4 0  |6 808_000000000000000_COV_2003  |7 0  |8 A  |9 367807  |a BIBING  |b BIBING  |d 2019-11-21  |i 4874722  |o 808 COV 2003  |p 4874722  |r 2025-01-20  |w 2019-11-21  |y BK  |k CUI